| 000 | 00411nam a2200169 a 4500 | ||
|---|---|---|---|
| 001 | 18949 | ||
| 005 | 20180713212326.0 | ||
| 008 | 140415s1942 000 0 spa d | ||
| 041 | _aspa | ||
| 082 |
_a863 _bVIL |
||
| 100 | 1 | _aVILLALON, CRISTOBAL | |
| 245 | 1 | 0 | _aVIAJE DE TURQUIA |
| 260 |
_a[s.l.] : _bESPASA-CALPE, _c1942 |
||
| 300 | _a284 | ||
| 490 | _aAUSTRAL | ||
| 650 | 1 | 4 | _aNOVELA ESPAOLA |
| 999 |
_c18949 _d18949 |
||